000 00715nam a2200217Ii 4500
003 JO-AjNU
008 230605s9999||||xx |||||||||||||| ||und||
017 _a1531
020 _a977-7299-86-9
040 _aJO-AjNU
_bara
_erda
_cJO-AjNU
041 _aara
050 1 4 _aHD30.28.S242
100 3 _aالسلمي،علي,
_eauthor
_934773
245 0 0 _aالتخطيط والمتابعة
264 3 1 _aالقاهرة:دار غريب للطباعة والنشر والتوزيع
300 _a407ص
336 _atext
_btxt
_2rdacontent
337 _aunmediated
_bn
_2rdamedia
338 _avolume
_bnc
_2rdacarrier
650 4 _aادارة-التخطيط الاداري-التخطيط الاستراتيجي
_934774
999 _aA14291
_c17859
_d17859